[Event "45th FIDE Chess Olympiad Open"]
[Site "Budapest, Hungary"]
[Date "2024.09.11"]
[Round "1.26"]
[White "Khoroshev, Nikita"]
[Black "Bridet, Robert"]
[Result "1-0"]
[WhiteElo "2355"]
[BlackElo "1697"]
[PlyCount "43"]
[EventDate "2024.??.??"]
[WhiteTeam "Kyrgyzstan"]
[BlackTeam "Dominica"]
[WhiteTeamCountry "KGZ"]
[WhiteClock "0:18:39"]
[BlackClock "0:00:56"]

1. e4 e5 2. Nf3 Nc6 3. Bb5 Bc5 4. c3 Nf6 5. O-O O-O 6. d4 Bb6 7. dxe5 Nxe4 8. Qd5 Nc5 9. Be3 ({RR} 9. Na3 Ne7 10. Qd1 Ne4 11. Bd3 d5 12. exd6 Nxd6 13. Bg5 h6 14. Bh4 Ndf5 15. Bg3 Nxg3 16. hxg3 Nf5 17. Nc4 Qf6 18. Nxb6 axb6 19. Re1 Nd6 20. Ne5 Re8 21. Nc4 Rxe1+ 22. Qxe1 Bf5 23. Bf1 Re8 {Shirov,A (2745)-Topalov,V (2812) Sofia 2009 ½-½ (57)}) 9... Ne7 ({RR} 9... Qe7 10. Nbd2 Qe6 11. Qxe6 Nxe6 12. Nc4 Bc5 13. Bxc5 Nxc5 14. b4 Ne6 15. Rad1 a6 16. Bxc6 dxc6 17. Na5 c5 18. Nb3 cxb4 19. cxb4 b6 20. Rc1 Bb7 21. Nfd4 Nf4 22. f3 Rac8 23. Rfd1 Rfe8 24. g3 {Dotzer,L (2346)-Perossa,N (2277) Apolda GER 2024 0-1 (72)}) 10. Qd1 h6 11. Nbd2 $146 ({RR} 11. Nd4 d6 12. b4 dxe5 13. bxc5 exd4 14. Bxd4 Ba5 15. Qa4 c6 16. Be2 Bc7 17. Rd1 Qe8 18. Na3 Nf5 19. Bf3 Nh4 20. Qc4 Nxf3+ 21. gxf3 Qe7 22. Be3 Qf6 23. f4 Bg4 {0-1 (23) Laurent,V-Ortiz,N Macas 2000}) 11... Nf5 12. Bd4 Nxd4 13. cxd4 Ne6 14. d5 Nf4 15. d6 f6 16. Ne4 fxe5 17. Bc4+ Kh8 18. g3 Ng6 19. Nfg5 Qe8 20. Qh5 Rf5 21. Bf7 Rxf7 22. Qxg6 1-0

[Event "45th FIDE Chess Olympiad Open"]
[Site "Budapest, Hungary"]
[Date "2024.09.11"]
[Round "1.27"]
[White "Thomas, Larry"]
[Black "Orozbaev, Eldiyar"]
[Result "0-1"]
[WhiteElo "1686"]
[BlackElo "2376"]
[PlyCount "72"]
[EventDate "2024.??.??"]
[WhiteTeam "Dominica"]
[BlackTeam "Kyrgyzstan"]
[BlackTeamCountry "KGZ"]
[WhiteClock "0:00:41"]
[BlackClock "0:22:43"]

1. c4 e6 2. Nf3 d5 3. cxd5 exd5 4. d4 c6 5. Nc3 Bd6 6. g3 Nf6 7. Bg2 O-O 8. O-O Re8 9. Bg5 Nbd7 10. Re1 h6 11. Bc1 $146 ({RR} 11. Bxf6 Nxf6 12. Qc2 Be6 13. Nd2 Be7 14. Rad1 Qb6 15. Nb3 Rad8 16. Na4 Qc7 17. Nac5 Bg4 18. f3 Bc8 19. e4 dxe4 20. fxe4 Bf8 21. a3 Re7 22. e5 Nd5 23. Qf2 b6 24. Ne4 Be6 25. Nbd2 Red7 {Paszerbovics,S (2046)-Kovacs,A (2108) Nyiregyhaza 2001 0-1 (45)}) ({RR} 11. Bf4 Bxf4 12. gxf4 Nf8 13. Ne5 Ng4 14. e3 Qh4 15. Nxg4 Bxg4 16. f3 Bh3 17. Qd2 Re7 18. Bxh3 Qxh3 19. Qg2 Qxg2+ 20. Kxg2 Rae8 21. Kf2 Ne6 22. b4 Nc7 23. a4 Rc8 24. b5 Ne8 25. bxc6 bxc6 {Shinkarev,M (2121)-Kucza,K (2328) chess.com INT 2024 1-0 (46)}) ({RR} 11. Bd2 Ne4 12. h4 Ndf6 13. Nxe4 Nxe4 14. Nh2 Bf5 15. Bxe4 Bxe4 16. Qc1 Qf6 17. Ng4 Qe6 18. Nxh6+ gxh6 19. Bxh6 Kh7 20. Bf4 Rg8 21. f3 Qh3 22. Kf2 Rxg3 23. Rf1 Qxh4 24. fxe4 Rc3+ {0-1 (24) Everet,A (2135)-Sbarra,M (2285) Corsico 1997}) ({RR} 11. Bh4 g5 12. Nxg5 hxg5 13. Bxg5 Be7 14. e4 dxe4 15. Bxe4 Nf8 16. Bc2 Bg4 17. Qd2 N6h7 18. Bxe7 Rxe7 19. Ne4 Ne6 20. Qh6 Qxd4 21. Qh4 Qxb2 22. Qxg4+ Qg7 23. Qh4 Neg5 24. Nxg5 Nxg5 25. Kg2 Rxe1 {Eidinger,H-Huss,A (2340) Zuerich 1991 ½-½ (36)}) 11... b5 12. a3 a5 13. Qc2 Bb7 14. Nd2 Qb6 15. e3 c5 16. dxc5 Nxc5 17. Nf3 Rac8 18. Qd1 Nce4 19. Nxe4 dxe4 20. Nd4 Be5 21. Bf1 Red8 22. Qb3 Rd5 23. Nf5 Qc5 24. Be2 a4 25. Qb4 Qxb4 26. axb4 Kf8 27. Rd1 a3 28. Nd4 Bxd4 29. exd4 Rc2 30. Kf1 axb2 31. Bxb2 Rxb2 32. Ra7 Rd7 33. Bxb5 e3 34. Rda1 Ng4 35. Bxd7 Nxh2+ 36. Kg1 exf2+ 0-1

[Event "45th FIDE Chess Olympiad Open"]
[Site "Budapest, Hungary"]
[Date "2024.09.11"]
[Round "1.28"]
[White "Sezdbekov, Ruslan"]
[Black "Francis, Nigel"]
[Result "1-0"]
[WhiteElo "2251"]
[BlackElo "1775"]
[PlyCount "51"]
[EventDate "2024.??.??"]
[WhiteTeam "Kyrgyzstan"]
[BlackTeam "Dominica"]
[WhiteTeamCountry "KGZ"]
[WhiteClock "0:40:19"]
[BlackClock "0:18:28"]

1. e4 c5 2. Nf3 Nc6 3. Bb5 Nf6 4. e5 Nd5 5. O-O Qc7 ({RR} 5... a6 6. Bxc6 dxc6 7. Ng5 Qc7 8. c4 Nb4 9. a3 Nd3 10. Nxf7 Rg8 11. Qf3 Qd7 12. Nd6+ exd6 13. Qxd3 dxe5 14. Qxh7 Qf7 15. Re1 Be6 16. Qd3 Rd8 17. Qg3 Bd6 18. Nc3 e4 19. Qe3 Bxh2+ 20. Kxh2 {Sutovsky,E (2661)-Morozevich,A (2732) West Bromwich 2004 1-0 (32)}) 6. Re1 a6 ({RR} 6... e6 7. Bxc6 Qxc6 8. d4 b5 9. Nbd2 Bb7 10. Ne4 c4 11. c3 Be7 12. Qc2 f5 13. Nd6+ Bxd6 14. exd6 O-O 15. a4 a6 16. b3 cxb3 17. Qxb3 Nxc3 18. Bb2 Nxa4 19. Rac1 Qxd6 20. Ba3 Qd5 21. Qxd5 {Silvarajah,S (1381)-Kapoor,S (1743) Penang MAS 2022 0-1 (42)}) 7. Bc4 Nb6 8. Bf1 $146 ({RR} 8. d3 e6 9. Nbd2 Be7 10. a4 O-O 11. a5 Nd5 12. Nf1 d6 13. Bxd5 exd5 14. Bf4 dxe5 15. Nxe5 Qd8 16. Nxc6 bxc6 17. c4 Be6 18. Qa4 Qc8 19. Ra3 Rd8 20. Ne3 Ra7 21. Rb3 Rb7 22. Rb6 Rxb6 {Seifert,H (2242)-Orzech,D (2461) Katy Rybackie 2009 1-0 (43)}) 8... d5 9. exd6 Qxd6 10. Nc3 Bg4 11. h3 Bh5 12. d3 O-O-O 13. Ne4 Qd5 14. g4 Bg6 15. c4 Qd7 16. Nxc5 Qd6 17. Be3 Qc7 18. Qb3 Nd7 19. Nxd7 Rxd7 20. d4 h5 21. d5 Ne5 22. Nxe5 Qxe5 23. f4 Qd6 24. c5 Qxd5 25. c6 Rd6 26. Qxb7+ 1-0

[Event "45th FIDE Chess Olympiad Open"]
[Site "Budapest, Hungary"]
[Date "2024.09.11"]
[Round "1.29"]
[White "Saraci, Nderim"]
[Black "Sihlongonyane, Sikhanyiso"]
[Result "1-0"]
[WhiteElo "2446"]
[BlackElo "1813"]
[PlyCount "65"]
[EventDate "2024.??.??"]
[WhiteTeam "Kosovo"]
[BlackTeam "Eswatini"]
[WhiteTeamCountry "KOS"]
[WhiteClock "0:25:43"]
[BlackClock "0:18:23"]

1. d4 Nf6 2. Nf3 d5 3. Bf4 e6 4. e3 Bd6 5. Nbd2 Bxf4 6. exf4 O-O 7. c3 Qd6 8. g3 c5 9. dxc5 Qxc5 10. Bd3 b5 $146 ({RR} 10... Nc6 11. O-O Re8 12. Re1 Bd7 13. Nb3 Qd6 14. Ne5 Re7 15. Bc2 Be8 16. Qd3 Rd8 17. Ng4 Ne4 18. f3 f5 19. fxe4 fxg4 20. e5 Qc7 21. Qxh7+ Kf8 22. Qh8+ Kf7 23. Rf1 d4 24. f5 Nxe5 25. f6 {Bagheri,A (2438)-Grecuccio,N Leuven 2002 1-0}) ({RR} 10... b6 11. O-O Ba6 12. Bxa6 Nxa6 13. Ne5 Qc7 14. Re1 g6 15. Ndf3 Nc5 16. h4 Nfe4 17. Kg2 Rfd8 18. Qe2 Rd6 19. h5 f6 20. Nd3 Re8 21. Rad1 Kg7 22. Rh1 a6 23. hxg6 hxg6 24. Nh4 Nxd3 25. Rxd3 {Mirzoev,A (2447)-Molina,R (2381) chess.com INT 2024 1-0 (33)}) ({RR} 10... b6 11. Qe2 a5 12. Nb3 Qc7 13. Nbd4 Ba6 14. Nb5 Bxb5 15. Bxb5 a4 16. a3 Nbd7 17. O-O Nc5 18. Rfe1 Rfd8 19. Rad1 Nfe4 20. Qc2 Nd6 21. Bf1 g6 22. Nd4 Rac8 23. h4 Nf5 24. Bb5 Ra8 25. Nxf5 {Monin,N (2365)-Kostyuchenko,V (2107) St Petersburg 2011 1-0 (66)}) ({RR} 10... b6 11. Qe2 a5 12. Nb3 Qc7 13. Nbd4 Nbd7 14. O-O Nc5 15. Bb5 Ba6 16. Bxa6 Nxa6 17. Ne5 Nc5 18. Rfe1 a4 19. Rad1 Nfe4 20. a3 Nd7 21. Nxd7 Qxd7 22. Nf3 Qc7 23. h4 Rad8 24. Kg2 Nd6 25. Nd4 {Sjugirov,S (2675)-Jia,H (2331) Chess.com INT 2020 1-0 (84)}) 11. a3 Bb7 12. O-O Nc6 13. Nb3 Qb6 14. Qe2 a6 15. Rfe1 Na5 16. Nbd4 Nc4 17. Ne5 Rfe8 18. h4 Rac8 19. f3 Rc7 20. Qf2 Qc5 21. Re2 g6 22. Rae1 Rec8 23. g4 a5 24. h5 b4 25. hxg6 hxg6 26. axb4 axb4 27. Bxc4 dxc4 28. Qh4 Nd5 29. Rh2 Kf8 30. Nd7+ Rxd7 31. Qh8+ Ke7 32. Rxe6+ fxe6 33. Rh7+ 1-0

[Event "45th FIDE Chess Olympiad Open"]
[Site "Budapest, Hungary"]
[Date "2024.09.11"]
[Round "1.30"]
[White "Dlamini Simphiwe"]
[Black "Ondozi, Murtez"]
[Result "0-1"]
[WhiteElo "1747"]
[BlackElo "2371"]
[PlyCount "124"]
[EventDate "2024.??.??"]
[WhiteTeam "Eswatini"]
[BlackTeam "Kosovo"]
[BlackTeamCountry "KOS"]
[WhiteClock "0:01:47"]
[BlackClock "1:29:56"]

1. d4 {Finkel,Alexander} d5 2. Bf4 c6 3. Nf3 Bf5 4. e3 Qb6 5. Qc1 Nf6 6. Nbd2 e6 7. c3 ({RR} 7. Be2 Nbd7 8. h3 Be7 ({RR} 8... h6 9. O-O Be7 10. Ne5 Nxe5 11. Bxe5 O-O 12. c4 a5 13. cxd5 exd5 14. Rd1 Nd7 15. Bg3 Be6) 9. O-O O-O ({RR} 9... Ne4 10. Nxe4 Bxe4 11. c4 f6 12. c5 Qd8 13. b4 g5 14. Bh2 h5 15. Nd2 Bf5 16. Qd1) 10. Nh4 ({RR} 10. c4) 10... Be4 11. f3 Bg6 12. Nxg6 hxg6 13. c3 ({RR} 13. c4 c5) 13... e5 14. Bg5 ({RR} 14. Bg3 exd4 15. cxd4 c5 16. Nb3 Rac8 17. dxc5 Nxc5 18. Qd1 Nxb3 19. Qxb3 Qxb3 20. axb3 Bc5) ({RR} 14. dxe5 Nh5 15. Kh1 Nxf4 16. exf4 Qe3 17. Re1 Qxf4 18. Nb3 Qxc1 19. Raxc1 Bh4) 14... Rfe8 15. Re1 c5 16. dxe5 Nxe5 17. f4 Nc6 18. Bf3 Rad8 19. Bxf6 ({RR} 19. c4) 19... Bxf6 20. Kh2 ({RR} 20. e4 Bh4 21. Re2 ({RR} 21. Rd1 dxe4 22. Nxe4 c4+ 23. Kh1 Rxd1+ 24. Qxd1 Qxb2 25. Qb1 Qxb1+ 26. Rxb1 Na5) 21... d4 22. e5) 20... g5 21. Qc2 c4 {Gustafsson,J (2615)-Tregubov,P (2583) Germany 2006 CBM 111 [Finkel,Alexander] 0-1 (43)} {RR} 22. Nf1 gxf4 23. exf4 d4) 7... Nh5 $146 ({RR} 7... Nbd7 8. Nh4 Bg4 9. h3 Bh5 10. g4 Bg6 11. Nxg6 hxg6 12. Bg2 c5 13. Qc2 Bd6 14. Bxd6 Qxd6 15. O-O-O cxd4 16. exd4 O-O-O 17. Kb1 Kb8 18. Qd3 Nb6 19. Qe2 a6 20. Rhe1 Ka7 21. Nf3 Rd7 22. Ne5 {Granara Barreto,S-Marques,V (2140) Cascavel 1996 ½-½ (50)}) ({RR} 7... Nbd7 8. Be2 Be7 9. O-O Rc8 10. Nh4 Bg6 11. Nxg6 hxg6 12. Rb1 Nh5 13. Bxh5 Rxh5 14. Bg3 f5 15. Qc2 Qd8 16. Nf3 Kf7 17. Ne5+ Nxe5 18. Bxe5 Bd6 19. Bxd6 Qxd6 20. f4 Rch8 21. h3 Qe7 22. Qf2 {Policarpo,N (1473)-Do Prado,H (1641) Curitiba 2015 ½-½ (40)}) 8. Bg3 h6 9. Be2 Nxg3 10. hxg3 Nd7 11. Bd1 Rc8 12. Bc2 Bxc2 13. Qxc2 c5 14. Qb3 Qa6 15. a4 cxd4 16. exd4 Rc7 17. Qb5 Qd6 18. Ne5 a6 19. Qe2 Nxe5 20. Qxe5 Qxe5+ 21. dxe5 g6 22. Nf3 Bg7 23. a5 Ke7 24. Rh4 g5 25. Rb4 Rb8 26. Ra3 Kd7 27. Rab3 Kc8 28. Kd2 Bf8 29. Ra4 Rc4 30. Ra1 Bg7 31. Kd3 Re4 32. Rb4 Rxb4 33. cxb4 Kd7 34. g4 Rc8 35. b3 f6 36. exf6 Bxf6 37. Rh1 Bg7 38. Nd4 Rf8 39. f3 Rf4 40. Nc2 Kd6 41. Ke3 Rf8 42. Nd4 Rc8 43. Kd3 Kd7 44. Ne2 e5 45. Rc1 Rxc1 46. Nxc1 Kc6 47. Ne2 Kb5 48. Nc3+ Kxb4 49. Nxd5+ Kxb3 50. Nc7 Kb4 51. Ne6 Bf6 52. Ke4 Kxa5 53. Kf5 Be7 54. Kxe5 Kb4 55. f4 gxf4 56. Nxf4 Bg5 57. Nd3+ Kc4 58. Nf2 a5 59. Ne4 Be7 60. Ke6 Bb4 61. g5 hxg5 62. Nxg5 a4 0-1

[Event "45th FIDE Chess Olympiad Open"]
[Site "Budapest, Hungary"]
[Date "2024.09.11"]
[Round "1.31"]
[White "Uruci, Endrit"]
[Black "Mbongeni, Mabuza"]
[Result "1-0"]
[WhiteElo "2348"]
[BlackElo "1784"]
[PlyCount "117"]
[EventDate "2024.??.??"]
[WhiteTeam "Kosovo"]
[BlackTeam "Eswatini"]
[WhiteTeamCountry "KOS"]
[WhiteClock "1:03:13"]
[BlackClock "0:08:12"]

1. e4 e5 2. Nf3 Nc6 3. d4 d6 4. Nc3 Be7 5. Be3 ({RR} 5. Be2 Nf6 6. O-O O-O 7. h3 Re8 8. d5 Nb8 9. a4 Rf8 10. Be3 Ne8 11. Qd2 g6 12. Bh6 Ng7 13. Ng5 Nd7 14. a5 a6 15. Kh2 Qe8 16. Rae1 b6 17. axb6 cxb6 18. g3 b5 19. f4 Rb8 {Hall,J (2485)-Day,L (2355) Elista 1998 1-0 (55)}) ({RR} 5. d5 Na5 6. b4 c6 7. bxa5 Qxa5 8. Bd2 Qc7 9. Bc4 Nf6 10. O-O cxd5 11. Bxd5 O-O 12. Ne2 Nxd5 13. exd5 e4 14. Nfd4 Qc4 15. Be3 Qxd5 16. Nf4 Qe5 17. c4 Bg5 18. Nd5 Bxe3 19. Nxe3 a6 {Nemeth,Z (1309)-Toth,B Level 2022 1-0 (58)}) 5... Nf6 6. h3 a6 7. Bc4 $146 ({RR} 7. a4 O-O 8. Qd2 Qe8 9. Be2 Nxe4 10. Nxe4 f5 11. Neg5 f4 12. Qd3 e4 13. Qxe4 Bxg5 14. Nxg5 Qxe4 15. Nxe4 fxe3 16. fxe3 Nb4 17. Kd2 Bf5 18. Ng3 Bxc2 19. Rac1 Bxa4 20. Rxc7 Bc6 21. e4 Rac8 {Alcazar Jimenez,V (2391)-Salgado Gonzalez,J (1916) Ourense 2008 1-0}) 7... O-O 8. a4 exd4 9. Nxd4 Nxd4 10. Qxd4 Be6 11. O-O Nd7 12. f4 Bf6 13. Qd3 Re8 14. Bxe6 Rxe6 15. Bd4 Bxd4+ 16. Qxd4 c5 17. Qd3 Nf6 18. Rad1 Qe7 19. Rfe1 Re8 20. f5 Re5 21. Qxd6 Qxd6 22. Rxd6 Rxf5 23. Rb6 Re7 24. Rd1 Rfe5 25. Rd8+ Re8 26. Rxe8+ Rxe8 27. Rxb7 Kf8 28. Rb6 Nxe4 29. Nxe4 Rxe4 30. Rxa6 Rb4 31. Rc6 c4 32. a5 Rxb2 33. Rxc4 Ra2 34. Rc5 Ke7 35. Kh2 Kd6 36. Rh5 h6 37. Rb5 Rxc2 38. Rb7 Ke6 39. Rb6+ Ke7 40. a6 Ra2 41. Kg3 Ra4 42. Kf3 h5 43. Ke3 g5 44. Rh6 f6 45. Rh7+ Ke6 46. a7 h4 47. Kd3 Kf5 48. Rc7 Ra6 49. Kc4 Kf4 50. Kb5 Ra1 51. Rc4+ Kg3 52. Ra4 Rxa4 53. Kxa4 Kxg2 54. a8=Q+ Kxh3 55. Qf3+ Kh2 56. Qxf6 h3 57. Qf2+ Kh1 58. Qg3 h2 59. Qf2 1-0

[Event "45th FIDE Chess Olympiad Open"]
[Site "Budapest, Hungary"]
[Date "2024.09.11"]
[Round "1.33"]
[White "Moncur, Cecil"]
[Black "Atabayev, Saparmyrat"]
[Result "0-1"]
[WhiteElo "1839"]
[BlackElo "2516"]
[PlyCount "92"]
[EventDate "2024.??.??"]
[WhiteTeam "Bahamas"]
[BlackTeam "Turkmenistan"]
[WhiteTeamCountry "BAH"]
[BlackTeamCountry "TKM"]
[WhiteClock "0:25:29"]
[BlackClock "1:09:35"]

1. d4 Nf6 2. c4 e6 3. Nf3 b6 4. a3 Ba6 5. Qc2 d5 6. e3 ({RR} 6. Nbd2 Bb7 7. e3 Nbd7 8. b4 a5 9. c5 c6 10. Rb1 axb4 11. axb4 Be7 12. Bd3 bxc5 13. bxc5 Ba6 14. O-O O-O 15. Bb2 Bxd3 16. Qxd3 Ne8 17. Qb3 Nc7 18. Qb7 Qc8 19. Qxc8 Rfxc8 20. Ra1 Bf6 {Thorfinnsson,B (2407)-Gretarsson,H (2561) Reykjavik 2015 0-1 (48)}) ({RR} 6. cxd5 Nxd5 7. e4 Bxf1 8. Kxf1 Nf6 9. g3 Be7 10. Kg2 O-O 11. Nc3 Nbd7 12. Rd1 Qc8 13. Bf4 Qb7 14. Kg1 Rac8 15. Rac1 Rfd8 16. Qe2 Nf8 17. Ne5 c5 18. dxc5 Bxc5 19. Bg5 Be7 20. f3 h6 {Arvind,C (2124)-Yaksin,O (2389) chess.com INT 2024 0-1 (40)}) 6... Be7 7. Bd3 c5 $146 ({RR} 7... Nbd7 8. Bd2 c5 9. cxd5 exd5 10. Bxa6 Bd6 11. Nc3 Qc7 12. Nxd5 Qd8 13. Nxf6+ Qxf6 14. Qe4+ {1-0 (14) Dobai,S-Vodila,G Hungary 1996}) 8. cxd5 Bxd3 9. Qxd3 exd5 10. Nc3 c4 11. Qc2 O-O 12. O-O Nc6 13. Bd2 a6 14. h3 b5 15. Rfc1 Na5 16. Rab1 Re8 17. Qf5 Nb3 18. Rd1 g6 19. Qc2 Bd6 20. Be1 Rb8 21. Nd2 Na5 22. Nf3 Nc6 23. Ra1 a5 24. Ne2 Qe7 25. g3 Ra8 26. Kg2 b4 27. axb4 axb4 28. Rdb1 Ra7 29. Rc1 Rea8 30. Rxa7 Rxa7 31. Nf4 Ra2 32. Rb1 b3 33. Qc1 Bxf4 34. gxf4 Qe4 35. Bc3 Ne8 36. Qd1 Nd6 37. Kg1 Nb5 38. Ne5 Nxe5 39. dxe5 Nxc3 40. bxc3 Qc2 41. Qe1 Qe2 42. Kg2 Qxe1 43. Rxe1 Rc2 44. Rd1 Rxc3 45. Rxd5 b2 46. Rb5 Rb3 0-1

[Event "45th FIDE Chess Olympiad Open"]
[Site "Budapest, Hungary"]
[Date "2024.09.11"]
[Round "1.34"]
[White "Annaberdiyev, Meylis"]
[Black "Ferguson, Joseph"]
[Result "1-0"]
[WhiteElo "2431"]
[BlackElo "1797"]
[PlyCount "69"]
[EventDate "2024.??.??"]
[WhiteTeam "Turkmenistan"]
[BlackTeam "Bahamas"]
[WhiteTeamCountry "TKM"]
[BlackTeamCountry "BAH"]
[WhiteClock "0:58:11"]
[BlackClock "0:01:25"]

1. e4 e6 2. d4 d5 3. e5 Ne7 4. Nf3 b6 5. c3 Qd7 6. h4 Ba6 7. Bxa6 Nxa6 8. Qd3 ({RR} 8. Qe2 Nb8 9. h5 h6 10. O-O c5 11. Rd1 Nbc6 12. Nbd2 Qc7 13. Nf1 O-O-O 14. Bf4 Kb7 15. Ne3 c4 16. b3 Na5 17. Qc2 Rc8 18. Rdc1 b5 19. Rab1 Ka8 20. b4 Nac6 21. a4 a6 22. a5 Qd7 {Zhigalko,S (2572)-Rustemov,A (2525) chess.com INT 2023 1-0 (71)}) ({RR} 8. h5 h6 9. b4 c5 10. Qe2 c4 11. a4 Nc7 12. O-O a6 13. Re1 Nc6 14. Nbd2 Be7 15. Nf1 Kd8 16. N1h2 Kc8 17. Ba3 b5 18. axb5 axb5 19. Ng4 Kb7 20. Bb2 Rxa1 21. Rxa1 Ra8 22. Rxa8 Kxa8 {Wafa,H (2356)-Hungaski,R (2471) chess.com INT 2024 1-0 (64)}) 8... Nb8 9. h5 h6 10. Na3 $146 ({RR} 10. g4 c5 11. Be3 Nec6 12. a3 cxd4 13. cxd4 Na5 14. Nbd2 b5 15. b3 Na6 16. Kf1 Qb7 17. Kg2 Rc8 18. a4 bxa4 19. Rxa4 Nb4 20. Qe2 Nac6 21. g5 hxg5 22. Nxg5 Be7 23. Qg4 Rc7 24. Nxf7 Kxf7 {Strohhaeker,R (2382)-Makka,I (2191) Bad Wiessee 2007 1-0}) 10... Nf5 11. Nc2 c5 12. Bd2 Nc6 13. b4 cxd4 14. cxd4 b5 15. a4 bxa4 16. b5 Nd8 17. Rxa4 Rb8 18. Ra5 Nb7 19. Ra2 Nd8 20. Rb2 Qc7 21. O-O a6 22. b6 Qb7 23. Ra1 Ra8 24. Qb3 Ne7 25. Nfe1 Nec6 26. Qg3 a5 27. Nd3 Qb8 28. Nc5 Nxd4 29. Nxd4 Bxc5 30. Nb5 Kf8 31. Nc7 Bxb6 32. Qa3+ Kg8 33. Nxa8 Bxf2+ 34. Kxf2 Qxa8 35. Qxa5 1-0

[Event "45th FIDE Chess Olympiad Open"]
[Site "Budapest, Hungary"]
[Date "2024.09.11"]
[Round "1.35"]
[White "Pride, Avian"]
[Black "Hommadov, Amanmuhammet"]
[Result "0-1"]
[WhiteElo "1743"]
[BlackElo "2181"]
[PlyCount "124"]
[EventDate "2024.??.??"]
[WhiteTeam "Bahamas"]
[BlackTeam "Turkmenistan"]
[WhiteTeamCountry "BAH"]
[BlackTeamCountry "TKM"]
[WhiteClock "0:02:15"]
[BlackClock "1:14:03"]

1. d4 Nf6 2. c4 g6 3. Nc3 d5 4. Nf3 Bg7 5. Bf4 O-O 6. e3 c5 7. dxc5 Qa5 8. Qb3 dxc4 9. Bxc4 Qxc5 10. O-O Nc6 11. Qb5 Qxb5 12. Bxb5 Nh5 $146 ({RR} 12... Bf5 13. Ne5 Nxe5 14. Bxe5 Rfd8 15. Rfd1 Ne4 16. Bxg7 Kxg7 17. Nxe4 Bxe4 18. Rac1 Rac8 19. f3 Bf5 20. e4 Be6 21. b3 Rxd1+ 22. Rxd1 Rc2 23. Bd7 Bxd7 24. Rxd7 Rxa2 25. Rxb7 e6 26. h4 Rb2 27. Rxa7 {Rogalski,K (1821)-Chylewski,P (1740) Kowalewo Pomorskie 2013 ½-½}) 13. Bxc6 Nxf4 14. Ba4 Nd3 15. Nd5 e6 16. Ne7+ Kh8 17. Bb5 Nxb2 18. Rab1 a6 19. Nd4 Bxd4 20. exd4 axb5 21. Nxc8 Nc4 22. Rxb5 Rfxc8 23. Rxb7 Kg7 24. g3 Rxa2 25. Re1 Ra6 26. Rc1 Nd6 27. Rxc8 Nxc8 28. Rc7 Nb6 29. Rc6 Ra1+ 30. Kg2 Nd5 31. Rc2 Rd1 32. Rc4 Rd3 33. Kf1 Nc3 34. h3 Nb5 35. Ke2 Rxd4 36. Rc5 Rd5 37. Rc4 Nd4+ 38. Ke3 Nf5+ 39. Ke2 Ra5 40. g4 Ra2+ 41. Kf3 Ra3+ 42. Ke2 Nh4 43. Re4 g5 44. Re3 Rxe3+ 45. Kxe3 Ng6 46. Kf3 Kf6 47. Kg3 Ke5 48. Kf3 Kd4 49. Kg2 Nh4+ 50. Kg3 Ke4 51. Kh2 Kf3 52. Kg1 Ng2 53. Kf1 e5 54. Kg1 e4 55. Kf1 Nf4 56. Kg1 Nd3 57. h4 gxh4 58. g5 Nxf2 59. Kh2 e3 60. Kg1 e2 61. Kh2 e1=Q 62. g6 Qh1# 0-1

[Event "45th FIDE Chess Olympiad Open"]
[Site "Budapest, Hungary"]
[Date "2024.09.11"]
[Round "1.36"]
[White "Halynyazov, Vepaly"]
[Black "Whyms, Chapell"]
[Result "1-0"]
[WhiteElo "2049"]
[BlackElo "1701"]
[PlyCount "89"]
[EventDate "2024.??.??"]
[WhiteTeam "Turkmenistan"]
[BlackTeam "Bahamas"]
[WhiteTeamCountry "TKM"]
[BlackTeamCountry "BAH"]
[WhiteClock "1:10:01"]
[BlackClock "0:30:03"]

1. d4 Nf6 2. c4 g6 3. Nc3 Bg7 4. e4 d6 5. h3 O-O 6. Bg5 c5 7. d5 e6 8. Nf3 exd5 9. cxd5 h6 10. Be3 Re8 ({RR} 10... b5 11. Bxb5 Nxe4 12. Nxe4 Qa5+ 13. Nfd2 Qxb5 14. Nxd6 Qxb2 15. Rc1 Qxa2 16. N2c4 Ba6 17. O-O Nd7 18. Re1 Rad8 19. Re2 Bxc4 20. Rxa2 Bxa2 21. Nb7 Rb8 22. Na5 Nb6 23. Nc6 Rb7 24. Bxc5 Re8 25. Nb4 {Wei Yi (2722)-Yakubboev,N (2630) chess.com INT 2023 1-0}) ({RR} 10... a6 11. a4 Nbd7 12. Bd3 Rb8 13. O-O Ne8 14. Re1 Nc7 15. a5 b5 16. axb6 Nxb6 17. Nd2 Nd7 18. Nc4 Ne5 19. Nxe5 Bxe5 20. Bxh6 Rxb2 21. Qc1 Rb3 22. Ra3 Bxc3 23. Rxb3 Bxe1 24. Bxf8 Qxf8 25. Qxe1 {Olhovik,A (2283)-Lopez del Alamo,A (2237) chess.com INT 2024 0-1 (41)}) 11. Bd3 b5 12. Bxb5 Nbd7 $146 ({RR} 12... Nxe4 13. Bxe8 Nxc3 14. bxc3 Bxc3+ 15. Kf1 Bxa1 16. Qxa1 Ba6+ 17. Kg1 g5 18. Ba4 Nd7 19. Bxd7 Qxd7 20. Qf6 {1-0 (20) Dearing,E (2408)-Dignam,M (2149) Coventry 2005}) 13. Bd3 c4 14. Bc2 Rb8 15. Rb1 Qa5 16. O-O Nc5 17. Qd2 Kh7 18. Rfe1 Bd7 19. Bd4 Re7 20. Qf4 Ne8 21. e5 dxe5 22. Bxe5 Bxe5 23. Rxe5 Qc7 24. Bxg6+ Kg7 25. Bc2 Nd3 26. Bxd3 cxd3 27. Qg3+ Kf8 28. Rxe7 Qxg3 29. Rxe8+ Kxe8 30. fxg3 Bf5 31. Nd4 Bg6 32. Nc6 d2 33. Nxb8 Bxb1 34. Kf2 Bd3 35. Ke3 Bf1 36. Kxd2 Bxg2 37. h4 h5 38. Ke3 Ke7 39. Kd4 Bf1 40. Kc5 a6 41. d6+ Kd8 42. d7 Bg2 43. Kd6 Bb7 44. Ne2 a5 45. Nd4 1-0

[Event "45th FIDE Chess Olympiad Open"]
[Site "Budapest, Hungary"]
[Date "2024.09.11"]
[Round "1.37"]
[White "Gemy, Jose Daniel"]
[Black "Fancy, Stuart"]
[Result "1-0"]
[WhiteElo "2315"]
[BlackElo "1921"]
[PlyCount "57"]
[EventDate "2024.??.??"]
[WhiteTeam "Bolivia"]
[BlackTeam "Papua New Guinea"]
[WhiteTeamCountry "BOL"]
[BlackTeamCountry "PNG"]
[WhiteClock "0:34:22"]
[BlackClock "0:30:03"]

1. e4 Nc6 2. Nf3 d6 3. Bc4 Nf6 4. d3 Na5 5. Nc3 ({RR} 5. Bb5+ c6 6. Ba4 b5 7. Bb3 g6 8. h3 Bg7 9. O-O O-O 10. Re1 e5 11. Nc3 a6 12. Be3 h6 13. d4 Qe7 14. Qd2 Kh7 15. Rad1 Re8 16. a3 Nxb3 17. cxb3 exd4 18. Bxd4 Rd8 19. b4 Bb7 {Demchenko,A (2679)-Zubov,A (2597) St Petersburg 2018 1-0 (32)}) 5... g6 ({RR} 5... e6 6. O-O Be7 7. Qe2 O-O 8. a4 Nxc4 9. dxc4 Nd7 10. a5 a6 11. Rd1 Bf6 12. Ra3 Qe7 13. Bf4 Bxc3 14. Rxc3 e5 15. Bg5 f6 16. Be3 Nc5 {½-½ (16) Hrzic,I (2228)-Damjanovic,V (2384) Belgrade SRB 2023}) 6. h3 Bg7 7. Bg5 $146 ({RR} 7. Bb3 Nxb3 8. axb3 a6 9. O-O O-O 10. d4 d5 11. e5 Ne4 12. Qe2 Nxc3 13. bxc3 Bd7 14. Ba3 Re8 15. Nh2 b5 16. Qf3 Bf5 17. Qd1 f6 18. f4 fxe5 19. fxe5 Rf8 20. Qd2 Rf7 21. Qg5 e6 {Frantz,N (1742)-Van Rienen,W (1967) Metz 2011 0-1}) ({RR} 7. Bb5+ c6 8. Ba4 b5 9. Bb3 Nxb3 10. axb3 O-O 11. O-O a6 12. b4 Bb7 13. Nd2 c5 14. Nd5 Nxd5 15. exd5 Bxd5 16. c4 Bb7 17. bxc5 dxc5 18. Nb3 {½-½ (18) Braun,C (2323)-Promyshlyanskiy,V (2182) Playchess.com INT 2021}) 7... h6 8. Be3 O-O 9. Qd2 Kh7 10. g4 c6 11. g5 Nxc4 12. dxc4 hxg5 13. Nxg5+ Kg8 14. O-O-O Qa5 15. Kb1 Re8 16. f4 Nh7 17. Rdg1 Bxc3 18. bxc3 f5 19. Nxh7 Kxh7 20. Qf2 fxe4 21. Rg5 Bf5 22. Bd4 Kg8 23. h4 Kf7 24. h5 Ke6 25. hxg6 c5 26. Rxf5 Qb6+ 27. Ka1 cxd4 28. Rb5 e3 29. Qg3 1-0